000 00947nam a2200313Ia 4500
001 H2839
003 IT-RoPAU
008 130308s9999 xx 000 0 und d
040 _aIT-RoPAU
040 _cIT-RoPAU
041 _aITALIANO
100 _aCatricalĂ  Maria
100 _gCodice Aut. SPICS: 57141
245 _aTrasformazione dei testi (La)
245 _bScrivere per Comunicare
250 _a2a ed.
260 _aMILANO
260 _bBompiani
260 _c2001 [1° Ed.:1999 - Ed.Ling.Originale:1999]
300 _a"19 p. (prefazione: no ; testo: 19 [pagine: 119-137])"
500 _aMetamorfosi del testo Scritto. Esercizi: Verbale, Stile Telegrafico, Nota Informativa, Amplificazione dei Testi, Trasformazione dei Testi.
650 _aSAGGI DI LINGUISTICA
650 _eCodice materia Spics: 3207
700 _aFabbri Teresa
700 _gCodice Aut. SPICS: 57142
942 _cBK
957 _71
999 _c78104
_d78104
999 _g1